000 01553nam0a22002891 4500
001 rc\4779197
005 20250613082351.0
021 _aRU
_b[68-52075]
035 _a(NLR Aleph) 009027942
090 _a9470314
_c9470314
100 _a20130417d1968 |||y0rusy50 ca
101 0 _arus
102 _aRU
105 _ay z |||||
200 1 _aОпыт эффективного использования основных производственных фондов на предприятиях г. Горького
_f[Объединение по руководству науч.-техн. информацией и пропагандой в РСФСР при Гос. ком. Совета Министров СССР по науке и технике. Гос. науч.-исслед. ин-т науч. и техн. информации] "ГосИНТИ"
210 _aМосква
_cБ. и.
_d1968
215 _a14 с.
_d21
225 1 _aПередовой научно-технический и производственный опыт
_v№ 3-68-391/9
300 _aАвт. указан на 1-й с.
606 _aПромышленные предприятия
_xОсновные фонды
_xИспользование
_2psbo
700 1 _aНовиков
_bА. В.
_cканд. экон. наук, экономика предприятия
_gАлексей Васильевич
_9226753
_3RU\NLR\AUTH\770226809
801 0 _aRU
_bNLR
_gpsbo
801 1 _aRU
_bELAR
_2rusmarc
852 _aNLR
_jП11/2295
942 _cBOOK
980 _aNB